| 000 | 00509nam a22001817a 4500 | ||
|---|---|---|---|
| 005 | 20241218164132.0 | ||
| 008 | 241218b ||||| |||| 00| 0 eng d | ||
| 040 | _cAL | ||
| 041 | _aEnglish | ||
| 082 |
_223 _a348.04 _bEASS |
||
| 100 |
_aEastern Book Company _9191680 |
||
| 245 | _aSupreme Court Cases 2009: Vol 2 | ||
| 260 |
_aLucknow _bEastern Book Company _c2018 |
||
| 300 |
_axxiv,864 p. _bHB _c24x16 cm. |
||
| 650 |
_aLaw _9191681 |
||
| 650 |
_aMode of Citation (2009) 2 SCC _9191682 |
||
| 942 |
_2ddc _cBI |
||
| 999 |
_c233159 _d233159 |
||